00756naa a2200193 i 4500001000400000003000400004005001700008008003900025040000800064041000800072044000800080100016700088245010300255260001000358500004200368773012600410942001300536999001300549BPPBPK20160601131942.0150522s2002 pl f |000 0 ger cBPK ager aDEU aJASIULEWICZ, Michał.d1996 - .bPolitechnika Koszalińska - Wydział Ekonomii i Zarządzania,cKatedra Polityki Społeczno-Gospodarczej i Ekonomiki Regionalnej aBedeutung und Moglichkeiten der Nutzung nachwachsender Rohstoffe in Polen /cMichał Jasiulewicz.. c2002. aDane z bibliografii załącznikowej. iW :tStrukturveranderungen und Ihre Auswirkungen auf die Kulturlandschaft im landlichen Raum. -dDedelow - Koszalin, 2002 cART2UKD c736d736